| 000 | 00548nam a2200193Ia 4500 | ||
|---|---|---|---|
| 003 | OSt | ||
| 005 | 20250715122436.0 | ||
| 008 | 210210b1992 xxu||||| |||| 00| 0 eng d | ||
| 040 | _cAL | ||
| 041 | _aKannada | ||
| 082 | _aK894.1 MANS | ||
| 100 |
_aMANJUNATH (S). _dಮಂಜುನಾಥ್ (ಎಸ್) _9218802 |
||
| 245 |
_aSummaniruva summana. _bಸುಮ್ಮನಿರುವ ಸುಮ್ಮಾನ |
||
| 260 |
_aSagara _bAkshara Prakashana _c1992 |
||
| 300 | _a92 | ||
| 690 |
_aKannada Poetry _9218803 |
||
| 906 | _a051768 | ||
| 942 |
_2ddc _cBK |
||
| 999 |
_c100196 _d100196 |
||